000
00269nam a2200109Ia 4500
008
220204s9999 xx 000 0 und d
082
_a
301
_b
PET
100
_a
Peterson, W A
245
0
_a
Art of living in the world today
260
_b
Simon & Scuster
_c
1969
942
_c
BK
999
_c
32088
_d
32088